Pays d’Europe sans indice - Statistiques

Statistiques générales
  • Ce quiz a été pris 209 fois
  • Le résultat moyen est 40 sur 45
Statistiques - réponses
Réponse % Correct
France
99%
Espagne
97%
Portugal
95%
Suède
95%
Allemagne
94%
Italie
94%
Andorre
93%
Autriche
92%
Finlande
92%
Norvège
92%
Belgique
91%
Estonie
91%
Irlande
91%
Lettonie
91%
Pays-Bas
91%
Roumanie
91%
Royaume-Uni
91%
Russie
91%
Suisse
91%
Bélarus
90%
Hongrie
90%
Islande
90%
Lituanie
90%
Pologne
90%
Slovaquie
90%
Vatican
90%
Croatie
89%
Danemark
89%
Ukraine
89%
Albanie
88%
Grèce
88%
Luxembourg
88%
Monaco
88%
Serbie
88%
Slovénie
88%
Bulgarie
87%
Kosovo
87%
Liechtenstein
86%
Macédoine du Nord
86%
Monténégro
86%
Saint-Marin
86%
République Tchèque
85%
Bosnie-Herzégovine
83%
Malte
82%
Moldavie
82%
Aucun quiz correspondant
Distribution des résultats
% des personnes avec chaque résultat
Percentile par nombre de réponses
Votre historique - résultats
Vous n’avez pas pris ce quiz